000 01763nam0a2200373 i 4500
001 RU\NLR\bibl\2011793
005 20260426062934.0
010 _a9785696042701
_9500
021 _aRU
_b2013-14310
_91018
035 _a(NLR Aleph) 002000315
090 _a4349895
_c4349895
100 _a20130315d2012 u y0rusy50 ca
101 0 _arus
102 _aRU
105 _aa |||||||||
200 1 _aЗакономерности формирования транзитного потенциала
_eмонография
_fО.Н. Ларин, Н.К. Горяев, З.В. Альметова
_gМ-во образования и науки Рос. Федерации, Юж.-Урал. гос. ун-т, Каф. "Эксплуатация автомоб. трансп."
210 _aЧелябинск
_cЮУрГУ
_d2012
215 _a187, [1] с.
_cил.
_d21
300 _aНа 4-й с. обл. авт.: Ларин О.Н., д.т.н., доц., Горяев Н.К., доц., Альметова З.В., преп.
320 _aБиблиогр.: с. 180-188 (119 назв.)
606 1 _aТранспортные системы
_91385045
_3RU\NLR\AUTH\66268175
606 _aТранспортные системы
_yРоссийская Федерация
_3RU\NLR\AUTH\661271017
_92101705
686 1 _aУ37(0)
686 1 _aУ37(2)
700 1 _aЛарин
_bО. Н.
_gОлег Николаевич
_4070
701 1 _aГоряев
_bН. К.
_f1966-
_gНиколай Константинович
_4070
701 1 _aАльметова
_bЗ. В.
_gЗлата Викторовна
_4070
801 0 _aRU
_bNLR
_c20130315
_gRCR
801 1 _aRU
_bNLR
_c20130315
830 _aавт. по кн.
942 _cBOOK
980 _aNBR